000 00642nam a2200229Ia 4500
003 OSt
005 20221007081858.0
006 a|||||r|||| 00| 0
007 ta
008 221006b |||||||| |||| 00| 0 eng d
024 _a1,602
037 _cReference Collections
040 _aFLL
_cFLL
_beng
041 _2eng
_aeng
082 _aYb4, M1
100 _aGoode William J.
245 0 _aMethods in social research
260 _aSingapore
_bMcgraw Hill Book Company Singapore
_c1981
700 _a Hatt Paul K.
942 _hYb4, M1
_cREF
_2CC
999 _c1164588
_d1164588